000 00761nam a2200169 i 4500
001 68991
003 ES-MaACL
005 20230906170416.0
007 t|
008 040824s1983 sp ||||1| spa d
110 2 _aInstituto Nacional de Estadística (España)
_95162
245 1 0 _aCenso de edificios de 1980
_b: . Tomo II : resultados de las comunidades autónomas /
_cInstituto Nacional de Estadística.
260 _aMadrid :
_bINE (
_e1983)
300 _a12 v. ;
_c29 cm.
505 8 _aContiene: I. Aragón -- II. Andalucía -- III. Principado de Asturias -- IV. Baleares -- V. Canarias -- VI. Cantabria -- VII. Castilla-La Mancha -- VIII. Cataluña -- IX. Madrid -- X. La Rioja -- XI. Comunidad Valenciana -- XII. País Vasco
852 _aES-MaACL
_jL-5762
999 _c68991
_d68991